Catálogo
 En Linea

El cancer en el cuello del utero o matriz y en los senos. (Registro nro. 31143)

Detalles MARC
000 -CABECERA
campo de control de longitud fija 00382nam a2200133 a 4500
001 - NÚMERO DE CONTROL
campo de control 000031651
005 - FECHA Y HORA DE LA ÚLTIMA TRANSACCIÓN
campo de control 20200930063059.0
008 - DATOS DE LONGITUD FIJA--INFORMACIÓN GENERAL
campo de control de longitud fija 110629s1988 dr 000 0 spa d
040 ## - FUENTE DE LA CATALOGACIÓN
Centro catalogador/agencia de origen DO-SdBNP
Lengua de catalogación spa
Centro/agencia transcriptor BNPHU
049 ## - FONDOS LOCALES (OCLC)
Fondos de biblioteca BNPD
245 03 - MENCIÓN DE TÍTULO
Título El cancer en el cuello del utero o matriz y en los senos.
260 ## - PUBLICACIÓN, DISTRIBUCIÓN, ETC.
Lugar de publicación, distribución, etc. Santo Domingo :
Nombre del editor, distribuidor, etc. PROFAMILIA,
Fecha de publicación, distribución, etc. 1988.
300 ## - DESCRIPCIÓN FÍSICA
Extensión 12 p. :
Otras características físicas il. ;
Dimensiones 22 cm.
Existencias
Estado de retiro Estado de pérdida No para préstamo Código de colección Localización permanente Ubicación/localización actual Ubicación en estantería Fecha de adquisición Número de inventario Total de préstamos Signatura topográfica completa Código de barras Fecha visto por última vez Precio válido a partir de Tipo de ítem Koha
    Excluido de préstamo Patrimonio Dominicano Patrimonio Dominicano Patrimonio Dominicano En catalogación 29.06.2011 LF1   31651-10 25.06.2020 25.06.2020 Libro y Folleto Colección Patrimonio Dominicano

Con tecnología Koha